Statistics for People With Presidential Surnames

Click here to take the quiz!

General Stats

  • This quiz has been taken 61 times
  • The average score is 11 of 18

Answer Stats

HintAnswer% Correct
BeatleGeorge Harrison
96%
Actor / Wrestler, aka The Rock.Dwayne Johnson
88%
Introduced the assembly line to auto industry.Henry Ford
88%
Cleopatra, Cat on a Hot Tin RoofElizabeth Taylor
79%
Notting Hill, About a BoyHugh Grant
79%
Aerosmith lead singerSteven Tyler
77%
Inspired Elton John song "Candle In The Wind."Marilyn Monroe
75%
Creative genius of The BeachboysBrian Wilson
67%
First female artist to achieve a UK number one with a self-written song. "Wuthering Heights"Kate Bush
65%
Training Day, GloryDenzel Washington
63%
Shaft. Black Moses. Chef on South Park.Isaac Hayes
51%
Enchanted. Arrival. Vice.Amy Adams
44%
Maude. Golden Girls.Bea Arthur
44%
"Mister October." 563 career home runs.Reggie Jackson
44%
Jay ZShawn Carter
40%
Parliament Funkadelic.George Clinton
33%
Sex and the City. 2018 candidate for New York governor.Cynthia Nixon
32%
They Made Me a Criminal. The Postman Always Rings Twice (1946)John Garfield
16%

Score Distribution

Percentile by Number Answered

Percent of People with Each Score

Your Score History

You have not taken this quiz